Countries of the FIFA World CUP 2022 - Sudden Death - Statistics

General Stats
  • This quiz has been taken 120 times
    114 since last reset
  • The average score is 10 of 25
Answers on the Grid
Answers color-coded by a green-red scale on the quiz's grid according to % correct below.
Poland
Sweden
Russia
South Africa
Serbia
South Korea
Jamaica
Ukraine
Australia
New Zealand
Wales
Iceland
Ecuador
Brazil
Colombia
Egypt
Peru
Panama
Algeria
Croatia
Slovakia
England
Argentina
Scotland
Austria
Portugal
Turkey
Italy
Cameroon
Bulgaria
United States
Ghana
Saudi Arabia
Belgium
India
Mexico
Kuwejt
Uruguay
Romania
Iraq
Norway
Costa Rica
Iran
Denmark
Japan
China
Senegal
Tunisia
Morocco
Greece
 
Answer Stats
Answer % Correct
Poland
83%
Brazil
57%
South Korea
57%
Australia
51%
Serbia
51%
Argentina
50%
England
50%
Croatia
44%
United States
44%
Morocco
42%
Portugal
42%
Japan
40%
Wales
40%
Denmark
39%
Ecuador
39%
Belgium
38%
Mexico
35%
Saudi Arabia
35%
Uruguay
35%
Iran
31%
Costa Rica
28%
Ghana
26%
Senegal
26%
Tunisia
26%
Cameroon
24%
No matching quizzes found
Score Distribution
Percent of People with Each Score
Percentile by Number Answered
Your Score History
You have not taken this quiz since the last reset